Countries with the most people of Nigerian descent - Statistics

General Stats
  • This quiz has been taken 37 times
  • The average score is 11 of 15
Answer Stats
Answer % Correct
4 United Kingdom
100%
5 United States
100%
9 Germany
94%
3 Ghana
91%
2 Cameroon
88%
8 Italy
88%
7 Niger
88%
15 Spain
76%
1 Benin
73%
10 Brazil
73%
12 Chad
70%
11 Argentina
48%
14 Chile
42%
6 Colombia
42%
13 Central African Republic
33%
No matching quizzes found
Score Distribution
Percent of People with Each Score
Percentile by Number Answered
Your Score History
You have not taken this quiz